书目信息 |
| 题名: |
梦与钱的距离
|
|
| 作者: | 布尔蒂克斯 , 舒展 著 | |
| 分册: | ||
| 出版信息: | 南京 江苏人民出版社 2012 |
|
| 页数: | 266页 | |
| 开本: | 24cm | |
| 丛书名: | ||
| 单 册: | ||
| 中图分类: | K837.125.38=6 , F279.712.444 | |
| 科图分类: | ||
| 主题词: | 企业家--生平事迹--美国--现代 , 网络公司--企业管理--经验--美国 , 企业家 , 网络公司 , 企业管理 | |
| 电子资源: | ||
| ISBN: | 978-7-214-07697-7 | |
| 000 | 01208nam0 22003491 450 | |
| 001 | 519 | |
| 005 | 20140910110351.78 | |
| 010 | @a978-7-214-07697-7@dCNY32.80 | |
| 100 | @a20120517d2012 em y0chiy50 ea | |
| 101 | 1 | @achi@ceng |
| 102 | @aCN@b320000 | |
| 105 | @aa z 000yd | |
| 106 | @ar | |
| 200 | 1 | @a梦与钱的距离@AMeng Yu Qian De Ju Li@f(加)贝尔纳·布尔蒂克斯,舒展著@F( Jia ) Bei Er Na· Bu Er Di Ke Si, Shu Zhan Zhu |
| 210 | @a南京@c江苏人民出版社@d2012 | |
| 215 | @a266页@c照片@d24cm | |
| 312 | @a封面英文题名:Dream money | |
| 330 | @a本书介绍了IT天才马克·扎克伯格是如何成为史上最年轻的单身巨富的。 | |
| 510 | 1 | @aDream money@zeng |
| 512 | 1 | @a梦与钱的距离@AMeng Yu Qian De Ju Li@e如何超越比尔·盖茨@ERu He Chao Yue Bi Er· Gai Ci |
| 606 | 0 | @a企业家@x生平事迹@y美国@z现代 |
| 606 | 0 | @a网络公司@x企业管理@x经验@y美国 |
| 606 | 0 | @a企业家 |
| 606 | 0 | @a网络公司 |
| 606 | 0 | @a企业管理 |
| 610 | 0 | @a扎克伯格(Zuckerberg, Mark 1984- )@afacebook |
| 690 | @aK837.125.38=6@v5 | |
| 690 | @aF279.712.444@v5 | |
| 701 | 0 | @g(加)@a布尔蒂克斯@ABu Er Di Ke Si@4著 |
| 701 | 0 | @a舒展@AShu Zhan@4著 |
| 801 | 0 | @aCN@bTANGWEI@c20140603 |
| 905 | @b0837582-84@dK837.125.38=6@e739BE@f3 | |
| 梦与钱的距离/(加)贝尔纳·布尔蒂克斯,舒展著.-南京:江苏人民出版社,2012 |
| 266页:照片;24cm |
| ISBN 978-7-214-07697-7:CNY32.80 |
| 本书介绍了IT天才马克·扎克伯格是如何成为史上最年轻的单身巨富的。 |
| ● |
| 相关链接 |
|
|
|
|
正题名:梦与钱的距离
索取号:K837.125.38=6/739BE
 
预约/预借
| 序号 | 登录号 | 条形码 | 馆藏地/架位号 | 状态 | 备注 |
| 1 | 0837582 | 208375827 | 第二样本阅览室/ [索取号:K837.125.38=6/739BE] | 在馆 | |
| 2 | 0837583 | 208375836 | 第二借阅区/ [索取号:K837.125.38=6/739BE] | 在馆 | |
| 3 | 0837584 | 208375845 | 第二借阅区/ [索取号:K837.125.38=6/739BE] | 在馆 |